| 000 | 00533nam a2200181Ia 4500 | ||
|---|---|---|---|
| 999 |
_c13782 _d13782 |
||
| 082 | _a361.250723 EVA; | ||
| 245 | 0 | _aEvaluating social programs: theory, practice and politics | |
| 260 |
_aNew York _bSeminar Press _c1972 |
||
| 300 | _axviii, 326p. | ||
| 504 | _aIncludes index | ||
| 650 | _aSociology | ||
| 650 | _aResearch - Evaluation | ||
| 650 | _aEvaluation research (Social action programs) - Methodology | ||
| 650 | _aSocial action - Evaluation | ||
| 700 | _aWilliams, Walter | ||
| 700 | _aRossi , Peter H | ||
| 942 | _cBK | ||